000
00291nam a2200145Ia 4500
100
_a
Basandra S.K.
942
_c
BK
654
_a
LAN
245
_a
Local Area Networks
260
_b
Galgotia
_a
New Delhi
_c
1993
082
_a
4.68
_b
PAN
300
_a
165
546
_a
ENGLISH
999
_c
18874
_d
18874